000 00506nam a2200169Ia 4500
008 090711s9999 xx 000 0 und d
082 _b67604
100 _aयादवाडकर प्रकाश
245 _aआकाशभरारी
260 _c1991
300 _a271
600 _aयादवाडकर प्रकाश
630 _aआकाशभरारी
700 _aयादवाडकर प्रकाश
730 _aआकाशभरारी
942 _cBOOK
999 _c332109
_d332109